| 000 | 00718aam a2200241 4500 | ||
|---|---|---|---|
| 005 | 20170126085701.0 | ||
| 008 | 150421b xxu||||| |||| 00| 0 spa d | ||
| 041 | _aspa | ||
| 082 | _a371.914.2 C957v | ||
| 100 |
_aCruz Conejo, Luis Diego _934516 |
||
| 245 | _aLa voz y el habla: principios de educación y reeducación | ||
| 260 |
_aCosta Rica _bEUNED _c2007 |
||
| 300 | _a568 páginas | ||
| 650 |
_aTRANSTORNOS DE LA VOZ _934517 |
||
| 650 |
_aTRANSTORNOS DE HABLA _934518 |
||
| 650 |
_aFONIATRÍA _934519 |
||
| 650 |
_aCOMUNICACIÓN _9490 |
||
| 650 |
_aAUTOEVALUACIÓN _9990 |
||
| 650 |
_aREEDUCACIÓN VOCAL _934520 |
||
| 650 |
_aCOMUNICACIÓN ORAL _9362 |
||
| 650 |
_aRIESGOS DE TRABAJO _917750 |
||
| 942 | _cBK | ||
| 999 |
_c4922 _d4922 |
||